| 000 | 01259nam a22002897a 4500 | ||
|---|---|---|---|
| 003 | dpl | ||
| 005 | 20180615184930.0 | ||
| 008 | 161024b xxu||||| |||| 00| 0 eng d | ||
| 010 | _aB-192722 | ||
| 020 |
_c00.00 _a8171244939 |
||
| 035 | _aB-192722, B-192723 | ||
| 037 | _bCen Lib/Ret | ||
| 040 |
_aDPL _bHN _c0 |
||
| 082 |
_a823.08 _bपाण्डेय |
||
| 100 |
_aपाण्डेय, आनन्द कुमार _9243 |
||
| 245 |
_aवैतरणी से वैश्वानर तक की यात्रा / _cआनन्द कुमार पाण्डेय |
||
| 246 |
_aVaitarni se vaishvanar tak ki yatra / _bby Anand Kumar Pandey |
||
| 260 |
_aवाराणसी _bविश्वविद्यालय प्रकाशन _c2006 |
||
| 270 |
_aचौक _bवाराणसी _e221001 |
||
| 300 |
_axi,195पृ. _c20सेमी(सजिल्द) |
||
| 500 | _aअनुक्रमाणिका शामिल | ||
| 650 |
_aहिन्दी -- साहित्य _990560 |
||
| 650 |
_aहिन्दी -- आलोचना _990561 |
||
| 650 |
_aHindi literature _990562 |
||
| 650 |
_aHindi - Criticism _942688 |
||
| 942 |
_2ddc _cHN _h823.08 _mपाण्डेय |
||
| 999 |
_c120465 _d120465 |
||